| 000 | 00452pab a2200181 454500 | ||
|---|---|---|---|
| 008 | 180718b2017 xxu||||| |||| 00| 0 eng d | ||
| 100 | _aNagaveni, Preethi Lolaksha | ||
| 245 | _aMigration and poverty: an Indian reality | ||
| 260 | _c2017 | ||
| 300 | _ap.32-50. | ||
| 362 | _aJan-Mar | ||
| 650 | _aMigration - India | ||
| 650 | _aPoverty - India | ||
| 650 | _aMigration | ||
| 700 | _aAnand, Amit | ||
| 773 | _aSocial Action | ||
| 909 | _a113892 | ||
| 999 |
_c113886 _d113886 |
||